000 01504nam a2200277 a 4500
999 _c436934
_d436934
003 BLK
005 20250423112858.0
008 190401b bu ||||| |||| 00| 0 bu d
020 _a9789545276453
040 _aBLK
041 _aBUL
_cBUL
080 _aБългарски език в основното училище. Методика на обучението
_b373.3.016:811.163.2
_x(079)(075.2)
_z373.3.016:811.163.2(079)(075.2)
080 _aБългарска литература в основното училище. Методика на обучението
_b373.3.016:821.163.2
_x(079)(075.2)
_z373.3.016:821.163.2(079)(075.2)
100 1 _aБорисов, Борислав Славов
_941622
139 _aБорисов, Борислав Славов
_bБ 65
245 _a11 тренировъчни теста по български език и литература
_cБорислав Борисов, Росица Калайджиева
_bЗа националното външно оценяване / приемен изпит в края на 7. клас
260 _9209515
_aСофия
_bДамян Яков
_c2020
_fСофия : Симолини 94
300 _a143 с.
_bс табл.
_c24 см
_e1 оптичен диск
380 _a3
700 _9342019
_aКалайджиева, Росица Георгиева
_eсъавт.
852 _aЦб
_bЦб
942 _cKNG
_n0
_s1
_017
944 _k30549
_lВася Ганчева
999 _d436934
999 _d436934